[Event "2. Bundesliga West 2017/18"]
[Site "OMICRON Electronics"]
[Date "2017.12.02"]
[Round "4"]
[Board "4"]
[White "Brehovsky, Paul"]
[Black "Platzgummer, Fabian"]
[Result "1/2-1/2"]
[WhiteElo "2133"]
[BlackElo "2343"]
[PlyCount "139"]
[EventDate "2017.10.13"]
[EventType "team"]
[EventRounds "11"]
[EventCountry "AUT"]
[WhiteTeam "Ranshofen"]
[BlackTeam "Zillertal"]

1. d4 d5 2. c4 c6 3. Nc3 dxc4 4. Nf3 b5 5. a4 b4 6. Nb1 Nf6 7. e3 e6 8. Bxc4
Be7 9. O-O O-O 10. Nbd2 Ba6 11. Qe2 Bxc4 12. Nxc4 Qd5 13. Bd2 Nbd7 14. Rfd1 Nb6
15. Nfe5 Rfc8 16. f3 Nxc4 17. Nxc4 c5 18. e4 Qc6 19. Be3 cxd4 20. Rxd4 Bc5 21.
Rdd1 Nd7 22. b3 Rd8 23. Rac1 Bxe3+ 24. Qxe3 Qc5 25. Qxc5 Nxc5 26. Rxd8+ Rxd8
27. Na5 Nd3 28. Rd1 Rd6 29. e5 Rd7 30. Nc6 Nxe5 31. Rxd7 Nxd7 32. Nxa7 Nc5 33.
Nc6 Nxb3 34. a5 Nc5 35. Nxb4 Kf8 36. a6 Na4 37. Nc6 Ke8 38. Kf2 f6 39. Ke3 Kd7
40. a7 Nb6 41. Nb4 Kd6 42. Kd4 e5+ 43. Ke4 g6 44. g4 Ke6 45. Ke3 Kd6 46. f4
exf4+ 47. Kxf4 Kc7 48. a8=Q Nxa8 49. Nd5+ Kd6 50. Nxf6 h5 51. Kg5 hxg4 52. Nxg4
Nc7 53. Kxg6 Ne6 54. h4 Ke7 55. Ne5 Nf4+ 56. Kf5 Nh5 57. Kg5 Ng3 58. Kg6 Kf8
59. Nd7+ Kg8 60. Nf6+ Kh8 61. Kf7 Nf5 62. h5 Nh6+ 63. Kg6 Nf7 64. Ng4 Kg8 65.
Nf6+ Kh8 66. Nd7 Kg8 67. Kf6 Nd6 68. Ne5 Kh7 69. Kg5 Ne4+ 70. Kf5  1/2-1/2

[Event "2. Bundesliga West 2017/18"]
[Site "OMICRON Electronics"]
[Date "2017.12.02"]
[Round "4"]
[Board "5"]
[White "Tabernig, Bernhard"]
[Black "Kuecher, Wolfgang"]
[Result "1-0"]
[WhiteElo "2328"]
[BlackElo "2123"]
[PlyCount "97"]
[EventDate "2017.10.13"]
[EventType "team"]
[EventRounds "11"]
[EventCountry "AUT"]
[WhiteTeam "Zillertal"]
[BlackTeam "Ranshofen"]

1. d4 d5 2. c4 c6 3. Nf3 Nf6 4. Nc3 dxc4 5. a4 Bf5 6. Ne5 Nbd7 7. Nxc4 Nb6 8.
Ne5 a5 9. f3 Nfd7 10. Nxd7 Nxd7 11. e4 Bg6 12. Be3 Qb6 13. Qd2 e5 14. Rd1 Rd8
15. Be2 Bb4 16. dxe5 Bc5 17. Bxc5 Nxc5 18. Qxd8+ Qxd8 19. Rxd8+ Kxd8 20. O-O
Ke7 21. Kf2 Rd8 22. Ke3 f6 23. exf6+ gxf6 24. Rd1 Rb8 25. Bc4 Nxa4 26. Nxa4 b5
27. Nc5 bxc4 28. Rd7+ Ke8 29. Rb7 Rd8 30. g4 Rd1 31. h4 h5 32. Rg7 Bf7 33. g5
fxg5 34. Rxg5 Rh1 35. Nb7 a4 36. Nd6+ Ke7 37. Nxf7 Kxf7 38. Rxh5 Rh2 39. Rc5
Rxb2 40. Rxc4 a3 41. Rxc6 a2 42. Ra6 Rh2 43. h5 Kg7 44. Kf4 Rb2 45. e5 Rh2 46.
Ke4 Re2+ 47. Kf5 Rb2 48. f4 Kh7 49. e6  1-0

[Event "2. Bundesliga West 2017/18"]
[Site "OMICRON Electronics"]
[Date "2017.12.02"]
[Round "4"]
[Board "6"]
[White "Doppelhammer, Herbert"]
[Black "Schiestl, Josef"]
[Result "1-0"]
[WhiteElo "2017"]
[BlackElo "2125"]
[PlyCount "79"]
[EventDate "2017.10.13"]
[EventType "team"]
[EventRounds "11"]
[EventCountry "AUT"]
[WhiteTeam "Ranshofen"]
[BlackTeam "Zillertal"]

1. d4 Nf6 2. Bf4 c5 3. dxc5 Nc6 4. Nf3 e6 5. Bd6 Bxd6 6. cxd6 Qb6 7. b3 Ne4 8.
e3 Qb4+ 9. Nfd2 Nxd6 10. Be2 O-O 11. O-O a6 12. c4 Rd8 13. a3 Qa5 14. b4 Qc7
15. Nc3 Nf5 16. Qb3 b6 17. Rfd1 Bb7 18. Rac1 d6 19. Nf3 Rd7 20. Rd2 Rad8 21.
Qd1 Nfe7 22. Nd5 exd5 23. cxd5 Nxd5 24. Rxd5 Qb8 25. Rd2 b5 26. Nd4 Nxd4 27.
Rxd4 Kf8 28. Bf3 Ke7 29. Qd3 g6 30. Bd5 Rc7 31. Rd1 Bxd5 32. Rxd5 Rc4 33. e4 f6
34. f4 Qb6+ 35. Kh1 Rc6 36. e5 fxe5 37. fxe5 Rd7 38. Qf3 Kd8 39. Qf8+ Kc7 40.
e6  1-0

[Event "2. Bundesliga West 2017/18"]
[Site "OMICRON Electronics"]
[Date "2017.12.02"]
[Round "4"]
[Board "1"]
[White "Fedorovsky, Michael"]
[Black "Hertneck, Gerald"]
[Result "1-0"]
[WhiteElo "2478"]
[BlackElo "2498"]
[PlyCount "61"]
[EventDate "2017.10.13"]
[EventType "team"]
[EventRounds "11"]
[EventCountry "AUT"]
[WhiteTeam "Jenbach 2"]
[BlackTeam "Sparkasse Neumarkt"]

1. d4 Nf6 2. c4 e6 3. Nc3 d5 4. Bg5 Be7 5. e3 h6 6. Bh4 O-O 7. Nf3 b6 8. Be2
Bb7 9. Bxf6 Bxf6 10. cxd5 exd5 11. b4 Nc6 12. Qb3 Ne7 13. O-O Qd6 14. b5 Rfd8
15. a4 c5 16. bxc6 Nxc6 17. a5 Rab8 18. axb6 axb6 19. Rfc1 Na5 20. Qd1 Bc6 21.
Rab1 Nc4 22. Nxd5 Bxd5 23. Bxc4 Bxc4 24. Rxc4 b5 25. Rcb4 Qa6 26. Qb3 Rdc8 27.
Ne1 Be7 28. Rxb5 Qxb5 29. Qxb5 Rxb5 30. Rxb5 Rc1 31. Kf1  1-0

[Event "2. Bundesliga West 2017/18"]
[Site "OMICRON Electronics"]
[Date "2017.12.02"]
[Round "4"]
[Board "2"]
[White "Manakov, Ilya"]
[Black "Binder, Moriz"]
[Result "1-0"]
[WhiteElo "2376"]
[BlackElo "2218"]
[PlyCount "133"]
[EventDate "2017.10.13"]
[EventType "team"]
[EventRounds "11"]
[EventCountry "AUT"]
[WhiteTeam "Sparkasse Neumarkt"]
[BlackTeam "Jenbach 2"]

1. e4 e5 2. Nf3 Nc6 3. Bc4 Bc5 4. O-O d6 5. d3 Nf6 6. c3 a6 7. Bb3 Ba7 8. Nbd2
O-O 9. h3 h6 10. Re1 Re8 11. Nf1 Be6 12. Ng3 d5 13. Qe2 dxe4 14. dxe4 Bxb3 15.
axb3 Qd6 16. Nf5 Qe6 17. b4 Ne7 18. Nxe7+ Rxe7 19. Ra5 Nd7 20. Be3 Bb6 21. Bxb6
Qxb6 22. Rd5 Rae8 23. Rd2 Nf6 24. Nh2 Qc6 25. Ng4 Nxg4 26. Qxg4 Qe6 27. Qxe6
Rxe6 28. Red1 R6e7 29. Kf1 f6 30. Ke2 Kf7 31. Ke3 Ke6 32. g3 g6 33. c4 Kf7 34.
Rd5 Re6 35. c5 c6 36. Rd7+ R6e7 37. R7d3 Re6 38. Kd2 f5 39. Ke3 Kf6 40. Rd7
R6e7 41. R1d6+ Kg7 42. exf5 gxf5 43. g4 fxg4 44. hxg4 Kh7 45. f3 Kg7 46. Kf2
Kh7 47. Kg3 Kg7 48. Kh4 Kh7 49. Kh5 Kg7 50. Rg6+ Kf7 51. Rxe7+ Rxe7 52. Kxh6
Kf8 53. Rf6+ Kg8 54. Kg5 e4 55. fxe4 Rxe4 56. Rf4 Re2 57. Rd4 Rxb2 58. Kf6 Rf2+
59. Ke6 Re2+ 60. Kd7 a5 61. bxa5 Ra2 62. Rb4 Rxa5 63. Kd6 Kf7 64. Rxb7+ Kf6 65.
Kxc6 Ra4 66. g5+ Kxg5 67. Rf7  1-0

[Event "2. Bundesliga West 2017/18"]
[Site "OMICRON Electronics"]
[Date "2017.12.02"]
[Round "4"]
[Board "4"]
[White "Wuppinger, Manfred"]
[Black "Heinrich, Thomas"]
[Result "1/2-1/2"]
[WhiteElo "2066"]
[BlackElo "2148"]
[PlyCount "74"]
[EventDate "2017.10.13"]
[EventType "team"]
[EventRounds "11"]
[EventCountry "AUT"]
[WhiteTeam "Sparkasse Neumarkt"]
[BlackTeam "Jenbach 2"]

1. g4 d5 2. Bg2 c6 3. e3 e5 4. d4 h5 5. dxe5 hxg4 6. Qd4 Qg5 7. Nc3 Nd7 8. e4
Qxe5 9. Qxe5+ Nxe5 10. exd5 Bd7 11. Bf4 Ng6 12. Bg3 O-O-O 13. O-O-O Nh6 14.
Nge2 Nf5 15. dxc6 Bxc6 16. Rxd8+ Kxd8 17. Bxc6 Nxg3 18. Rd1+ Kc7 19. hxg3 bxc6
20. Ne4 Ne5 21. Nd4 g6 22. Rf1 Rh2 23. f4 gxf3 24. Nxf3 Nxf3 25. Rxf3 Bh6+ 26.
Kd1 Rh1+ 27. Ke2 f5 28. Nf2 Rc1 29. Kd3 Rg1 30. Kc4 Bg7 31. Nd3 Rg2 32. Kb3 Rg1
33. Nf4 Be5 34. Nxg6 Bxg3 35. Rxf5 Bd6 36. Ne5 Bxe5 37. Rxe5 Kb6  1/2-1/2

[Event "2. Bundesliga West 2017/18"]
[Site "OMICRON Electronics"]
[Date "2017.12.02"]
[Round "4"]
[Board "5"]
[White "Kondrak, Christof"]
[Black "Egger, Martin"]
[Result "1-0"]
[WhiteElo "2146"]
[BlackElo "2065"]
[PlyCount "73"]
[EventDate "2017.10.13"]
[EventType "team"]
[EventRounds "11"]
[EventCountry "AUT"]
[WhiteTeam "Jenbach 2"]
[BlackTeam "Sparkasse Neumarkt"]

1. d4 d5 2. Nf3 Nf6 3. c4 e6 4. Nc3 c6 5. cxd5 exd5 6. Bg5 Bf5 7. e3 Be7 8. Bd3
Bxd3 9. Qxd3 Nbd7 10. O-O O-O 11. Rac1 h6 12. Bf4 Nh5 13. Be5 f5 14. Nd2 Qe8
15. f4 g6 16. Ne2 Ndf6 17. Kh1 Ne4 18. Nxe4 fxe4 19. Qb3 Qd7 20. Nc3 Kh7 21.
Nxd5 cxd5 22. Rc7 Qe6 23. Qxb7 Rae8 24. Rg1 Kg8 25. g4 Ng7 26. Rc6 Qf7 27. Qa6
Bg5 28. Rxg6 Rxe5 29. dxe5 Bxf4 30. Rf6 Qe7 31. Rf1 Re8 32. R1xf4 Qxe5 33. Qd6
Qxb2 34. Qxd5+ Kh7 35. Rf7 Qc3 36. Rxg7+ Kh8 37. Qf7  1-0

[Event "2. Bundesliga West 2017/18"]
[Site "OMICRON Electronics"]
[Date "2017.12.02"]
[Round "4"]
[Board "6"]
[White "Baier, Patrick"]
[Black "Stangl, Anita"]
[Result "1/2-1/2"]
[WhiteElo "2024"]
[BlackElo "2042"]
[PlyCount "109"]
[EventDate "2017.10.13"]
[EventType "team"]
[EventRounds "11"]
[EventCountry "AUT"]
[WhiteTeam "Sparkasse Neumarkt"]
[BlackTeam "Jenbach 2"]

1. e4 e6 2. d4 d5 3. Nc3 Nf6 4. Bg5 Be7 5. e5 Nfd7 6. Bxe7 Qxe7 7. Qg4 O-O 8.
f4 f5 9. exf6 Qxf6 10. Nge2 c5 11. O-O-O Nc6 12. Nb5 Nb6 13. Qg3 a6 14. dxc5
axb5 15. cxb6 Rxa2 16. Nc3 Ra1+ 17. Nb1 Qxf4+ 18. Qxf4 Rxf4 19. Bxb5 Rb4 20.
Be2 Rxb6 21. c3 Ra2 22. Rd2 Na5 23. Bd1 Nc4 24. Rf2 Nxb2 25. Rd2 e5 26. Rf1 e4
27. Bc2 g6 28. Rxd5 Bf5 29. g4 Bxg4 30. Bxe4 Be6 31. Rd8+ Kg7 32. Rd2 Na4 33.
Rxa2 Bxa2 34. Rf3 Re6 35. Bc2 Re1+ 36. Kd2 Rxb1 37. Bxb1 Bxb1 38. c4 Nc5 39.
Kc3 Ne6 40. Kb4 Nd4 41. Rf1 Bf5 42. Kc5 Ne6+ 43. Kb6 Kf6 44. Kxb7 Ke5 45. Rd1
h5 46. Kb6 g5 47. c5 g4 48. c6 h4 49. c7 Nxc7 50. Kxc7 Be4 51. Rd2 Kf4 52. Kd6
g3 53. hxg3+ Kxg3 54. Ke5 Bf3 55. Rd8  1/2-1/2

[Event "2. Bundesliga West 2017/18"]
[Site "OMICRON Electronics"]
[Date "2017.12.03"]
[Round "5"]
[Board "1"]
[White "Gatterer, Florian"]
[Black "Nayhebaver, Martin"]
[Result "0-1"]
[WhiteElo "2271"]
[BlackElo "2440"]
[PlyCount "112"]
[EventDate "2017.10.13"]
[EventType "team"]
[EventRounds "11"]
[EventCountry "AUT"]
[WhiteTeam "Rochade Rum"]
[BlackTeam "Bregenz"]

1. d4 Nf6 2. Nf3 b6 3. Bg5 Ne4 4. Bf4 Bb7 5. Nbd2 d5 6. e3 Nd7 7. Nxe4 dxe4 8.
Ne5 Nxe5 9. Bxe5 f6 10. Bg3 e6 11. Bb5+ Kf7 12. O-O h5 13. h3 Bd6 14. Bxd6 Qxd6
15. Be2 h4 16. f3 Qg3 17. Qd2 Rad8 18. c3 c5 19. fxe4 Bxe4 20. Bf3 Bxf3 21.
Rxf3 Qd6 22. Qf2 e5 23. dxe5 Qxe5 24. Rf1 Rd3 25. Kh1 Qe6 26. a3 Rh5 27. Qe2
Rhd5 28. e4 Rxf3 29. Qxf3 Re5 30. Re1 g5 31. b4 Kg7 32. Qg4 Qxg4 33. hxg4 Re7
34. bxc5 bxc5 35. Kg1 Kf7 36. Kf2 Rb7 37. Ke3 Rb3 38. Kd3 Rxa3 39. e5 Ra2 40.
Rf1 Rxg2 41. Rxf6+ Ke7 42. Ke4 Rxg4+ 43. Kd5 h3 44. Re6+ Kf8 45. Rh6 Rh4 46.
Rf6+ Kg7 47. Rf1 h2 48. Rh1 g4 49. Ke4 Kf7 50. Kf4 Ke6 51. Kg3 Rh8 52. Kxg4
Kxe5 53. Kg3 a5 54. Kg2 Kd5 55. Rd1+ Kc4 56. Kh1 a4  0-1

[Event "2. Bundesliga West 2017/18"]
[Site "OMICRON Electronics"]
[Date "2017.12.03"]
[Round "5"]
[Board "2"]
[White "Sergeev, Vladimir"]
[Black "Paltrinieri, Nicholas"]
[Result "1-0"]
[WhiteElo "2417"]
[BlackElo "2300"]
[PlyCount "107"]
[EventDate "2017.10.13"]
[EventType "team"]
[EventRounds "11"]
[EventCountry "AUT"]
[WhiteTeam "Bregenz"]
[BlackTeam "Rochade Rum"]

1. Nf3 e6 2. g3 f5 3. Bg2 Nf6 4. O-O Be7 5. c4 O-O 6. Nc3 d6 7. d3 e5 8. b4 a5
9. b5 Qe8 10. c5 Nbd7 11. cxd6 Bxd6 12. Nd2 Nb6 13. a4 Qh5 14. e3 Qh6 15. Re1
Be6 16. Bxb7 Rad8 17. Bg2 Bc5 18. Qc2 f4 19. Nf3 fxg3 20. fxg3 Ng4 21. Ne4
Bxe3+ 22. Bxe3 Nxe3 23. Qc1 Nxg2 24. Qxh6 gxh6 25. Kxg2 Rxd3 26. Nxe5 Rb3 27.
Re2 Rb4 28. Nc5 Bd5+ 29. Kh3 Rf5 30. g4 Rff4 31. Kg3 Rfd4 32. h3 Kg7 33. Rc1
Nc4 34. Ned3 Rxd3+ 35. Nxd3 Rb3 36. Rd1 Nd6 37. Re7+ Kf6 38. Re3 Nc4 39. Re2
Nd6 40. Kh4 Bc4 41. Rf2+ Kg7 42. Ne5 Be6 43. Rc1 Ne8 44. Nc6 Re3 45. Nd4 Bd7
46. Re2 Rxe2 47. Nxe2 Be6 48. Nd4 Bd5 49. Rc5 Be4 50. Kg3 Kf6 51. Kf4 Bg2 52.
h4 Ke7 53. Nb3 Kd6 54. Rh5  1-0

[Event "2. Bundesliga West 2017/18"]
[Site "OMICRON Electronics"]
[Date "2017.12.03"]
[Round "5"]
[Board "3"]
[White "Pogan, Nikolas"]
[Black "Dobosz, Henryk"]
[Result "1/2-1/2"]
[WhiteElo "2310"]
[BlackElo "2378"]
[PlyCount "60"]
[EventDate "2017.10.13"]
[EventType "team"]
[EventRounds "11"]
[EventCountry "AUT"]
[WhiteTeam "Rochade Rum"]
[BlackTeam "Bregenz"]

1. d4 Nf6 2. c4 c6 3. Nc3 d5 4. cxd5 cxd5 5. Bf4 Nc6 6. e3 a6 7. Bd3 Bg4 8.
Nge2 e6 9. Rc1 Bd6 10. Bxd6 Qxd6 11. h3 Bh5 12. O-O O-O 13. Qd2 Bxe2 14. Qxe2
e5 15. dxe5 Qxe5 16. Rfd1 Rad8 17. Na4 Rd6 18. Nc5 Qe7 19. Nb3 Rfd8 20. Rd2 g6
21. a3 Kg7 22. Rdc2 Ne5 23. Nd4 Ne4 24. Rc7 R8d7 25. R7c2 Rd8 26. Rc7 R8d7 27.
R7c2 Rd8 28. Rc7 R8d7 29. R7c2 Rd8 30. Rc7 R8d7  1/2-1/2

[Event "2. Bundesliga West 2017/18"]
[Site "OMICRON Electronics"]
[Date "2017.12.03"]
[Round "5"]
[Board "4"]
[White "Hess, Max"]
[Black "Moroder, Stefan"]
[Result "1-0"]
[WhiteElo "2251"]
[BlackElo "2212"]
[PlyCount "75"]
[EventDate "2017.10.13"]
[EventType "team"]
[EventRounds "11"]
[EventCountry "AUT"]
[WhiteTeam "Bregenz"]
[BlackTeam "Rochade Rum"]

1. d4 d5 2. c4 c6 3. Nf3 Nf6 4. Nbd2 Bf5 5. Nh4 Bg4 6. h3 Bh5 7. g4 g5 8. Nhf3
Bg6 9. Qb3 Qc7 10. Nxg5 h5 11. Rg1 e6 12. Ndf3 Nbd7 13. Bd2 hxg4 14. hxg4 dxc4
15. Qxc4 O-O-O 16. e3 Ne4 17. Nxe4 Bxe4 18. Be2 Be7 19. O-O-O Rh3 20. Ne1 Rh2
21. Bd3 Bd5 22. Qa4 Kb8 23. e4 Nb6 24. Qa5 Rxf2 25. exd5 Rxd5 26. Qc3 Rxd2 27.
Rxd2 Bg5 28. Nf3 Bxd2+ 29. Qxd2 c5 30. dxc5 Qxc5+ 31. Kb1 Qd6 32. Rd1 Nc4 33.
Qe2 b5 34. Bc2 Rxd1+ 35. Bxd1 Qd5 36. b3 Nd6 37. Bc2 b4 38. Qe5  1-0

[Event "2. Bundesliga West 2017/18"]
[Site "OMICRON Electronics"]
[Date "2017.12.03"]
[Round "5"]
[Board "5"]
[White "Hengl, Christian"]
[Black "Ciolek, Andreas"]
[Result "0-1"]
[WhiteElo "2153"]
[BlackElo "2218"]
[PlyCount "84"]
[EventDate "2017.10.13"]
[EventType "team"]
[EventRounds "11"]
[EventCountry "AUT"]
[WhiteTeam "Rochade Rum"]
[BlackTeam "Bregenz"]

1. e4 c5 2. Nc3 a6 3. f4 b5 4. Nf3 Bb7 5. d3 Nc6 6. g3 g6 7. Bg2 Bg7 8. O-O d6
9. h3 Nd4 10. Nd5 e6 11. Ne3 Ne7 12. c3 Nxf3+ 13. Bxf3 f5 14. exf5 Bxf3 15.
Qxf3 gxf5 16. Bd2 O-O 17. Rae1 Qd7 18. Re2 Rae8 19. Rfe1 Kh8 20. Qg2 a5 21. Kh2
a4 22. Qf3 Nc6 23. Nc2 b4 24. a3 bxc3 25. Bxc3 d5 26. Bxg7+ Kxg7 27. Qf2 d4 28.
Rg1 Kh8 29. Rge1 Qd6 30. Qf3 Rf6 31. Qh5 Re7 32. b3 axb3 33. Na1 Qd5 34. Re5
Nxe5 35. Rxe5 Qb7 36. Qh4 Rff7 37. Nxb3 Qxb3 38. Rxc5 Qb2+ 39. Kg1 Qb7 40. a4
Qb1+ 41. Kh2 Qa2+ 42. Kg1 Qxa4  0-1

[Event "2. Bundesliga West 2017/18"]
[Site "OMICRON Electronics"]
[Date "2017.12.03"]
[Round "5"]
[Board "6"]
[White "Poettinger, Harald"]
[Black "Jedinger, Andreas"]
[Result "1-0"]
[WhiteElo "2198"]
[BlackElo "2108"]
[PlyCount "87"]
[EventDate "2017.10.13"]
[EventType "team"]
[EventRounds "11"]
[EventCountry "AUT"]
[WhiteTeam "Bregenz"]
[BlackTeam "Rochade Rum"]

1. d4 Nf6 2. Bf4 g6 3. e3 Bg7 4. Nf3 d6 5. h3 O-O 6. c4 b6 7. Nc3 Bb7 8. Qc2
Nbd7 9. Be2 e5 10. Bh2 Qe7 11. O-O a5 12. c5 bxc5 13. dxe5 dxe5 14. Rac1 Nd5
15. Nxd5 Bxd5 16. Rfd1 Bc6 17. Nd2 f5 18. Nb3 f4 19. Nxc5 fxe3 20. Qb3+ Kh8 21.
Qxe3 Nb6 22. Nd3 Bb7 23. Bxe5 Bxe5 24. Qxe5+ Qxe5 25. Nxe5 Rae8 26. Bf3 Rxe5
27. Bxb7 Re2 28. Rxc7 Rxb2 29. Rd6 Kg8 30. Bf3 Rb8 31. Re6 Rd2 32. Ra7 Nd7 33.
Re7 Nf6 34. Rxa5 Kf8 35. Raa7 Rb1+ 36. Kh2 Rb6 37. Kg3 h5 38. a4 g5 39. a5 Rbd6
40. Rf7+ Ke8 41. a6 R2d3 42. Rae7+ Kd8 43. a7 Ra6 44. Re3  1-0

[Event "2. Bundesliga West 2017/18"]
[Site "OMICRON Electronics"]
[Date "2017.12.03"]
[Round "5"]
[Board "1"]
[White "Bilchinski, Anton"]
[Black "Henrichs, Thomas"]
[Result "0-1"]
[WhiteElo "2295"]
[BlackElo "2482"]
[PlyCount "66"]
[EventDate "2017.10.13"]
[EventType "team"]
[EventRounds "11"]
[EventCountry "AUT"]
[WhiteTeam "Pradl"]
[BlackTeam "Hohenems II"]

1. d4 Nf6 2. c4 e6 3. Nc3 Bb4 4. f3 c5 5. d5 O-O 6. e4 d6 7. Bd2 a6 8. Bd3 Nbd7
9. Nge2 Ne5 10. Bf4 Nxd3+ 11. Qxd3 exd5 12. cxd5 Nh5 13. Be3 f5 14. exf5 Bxf5
15. Qd2 Bxc3 16. Nxc3 Qh4+ 17. Qf2 Qc4 18. O-O-O b5 19. Qf1 Qb4 20. Qe1 Bg6 21.
Qd2 Qa5 22. a3 Nf6 23. Ne4 Qxd2+ 24. Nxd2 Nxd5 25. Nc4 Nc3 26. bxc3 bxc4 27.
Rxd6 Rab8 28. Rhd1 Rfe8 29. Bxc5 Rb1+ 30. Kd2 Rb2+ 31. Kc1 Rc2+ 32. Kb1 Rxg2+
33. Ka1 Bd3  0-1

[Event "2. Bundesliga West 2017/18"]
[Site "OMICRON Electronics"]
[Date "2017.12.03"]
[Round "5"]
[Board "2"]
[White "Froewis, Georg"]
[Black "Doskocil, Klaus"]
[Result "1/2-1/2"]
[WhiteElo "2431"]
[BlackElo "2239"]
[PlyCount "64"]
[EventDate "2017.10.13"]
[EventType "team"]
[EventRounds "11"]
[EventCountry "AUT"]
[WhiteTeam "Hohenems II"]
[BlackTeam "Pradl"]

1. b3 e5 2. Bb2 Nc6 3. e3 Nf6 4. Bb5 d6 5. d4 exd4 6. Qxd4 Bd7 7. Bxc6 Bxc6 8.
Nf3 Qd7 9. Nbd2 Be7 10. h3 O-O 11. O-O-O a5 12. g4 Rfd8 13. g5 Ne8 14. h4 a4
15. h5 axb3 16. axb3 Bxf3 17. Nxf3 c5 18. Qf4 Qe6 19. g6 h6 20. Rhg1 Bf6 21.
gxf7+ Qxf7 22. Nh4 Bxb2+ 23. Kxb2 Qxf4 24. exf4 d5 25. Nf5 Kf8 26. Rde1 Rd7 27.
Re5 Nf6 28. Nh4 b5 29. Ng6+ Kf7 30. Rge1 Nxh5 31. f5 b4 32. f3 Rc8  1/2-1/2

[Event "2. Bundesliga West 2017/18"]
[Site "OMICRON Electronics"]
[Date "2017.12.03"]
[Round "5"]
[Board "3"]
[White "Meier, Alexander"]
[Black "Burschowsky, Matthias"]
[Result "1-0"]
[WhiteElo "2210"]
[BlackElo "2191"]
[PlyCount "69"]
[EventDate "2017.10.13"]
[EventType "team"]
[EventRounds "11"]
[EventCountry "AUT"]
[WhiteTeam "Pradl"]
[BlackTeam "Hohenems II"]

1. e4 c5 2. Nc3 g6 3. f4 Bg7 4. Nf3 Nc6 5. Bb5 Nd4 6. O-O a6 7. Bd3 d6 8. Nxd4
cxd4 9. Ne2 Nf6 10. Kh1 O-O 11. c3 e5 12. cxd4 exd4 13. Bc2 Re8 14. d3 Ng4 15.
h3 Ne3 16. Bxe3 dxe3 17. d4 Qb6 18. Qd3 Bd7 19. a4 Rac8 20. Bb3 Rc7 21. f5 gxf5
22. exf5 d5 23. Bxd5 Bc6 24. Bxc6 Rxc6 25. b3 Rd6 26. Rf4 Kh8 27. Raf1 Bf6 28.
R1f3 Red8 29. Rxe3 Bg5 30. Rg4 Bxe3 31. Qxe3 Rh6 32. Nf4 Qc6 33. Ne6 Rxe6 34.
fxe6 Qxe6 35. Qg5  1-0

[Event "2. Bundesliga West 2017/18"]
[Site "OMICRON Electronics"]
[Date "2017.12.03"]
[Round "5"]
[Board "4"]
[White "Atlas, Dmitry"]
[Black "Everett, Elijah"]
[Result "1-0"]
[WhiteElo "2174"]
[BlackElo "2190"]
[PlyCount "37"]
[EventDate "2017.10.13"]
[EventType "team"]
[EventRounds "11"]
[EventCountry "AUT"]
[WhiteTeam "Hohenems II"]
[BlackTeam "Pradl"]

1. e4 c5 2. c3 Nf6 3. e5 Nd5 4. Nf3 e6 5. Bc4 d6 6. d4 cxd4 7. cxd4 Nc6 8. O-O
Be7 9. exd6 Qxd6 10. Nc3 Nxc3 11. bxc3 O-O 12. Re1 b6 13. Ng5 Na5 14. Bd3 Bxg5
15. Bxg5 Bb7 16. Qh5 f5 17. Re3 Rf7 18. Rae1 Re8 19. Bxf5  1-0

[Event "2. Bundesliga West 2017/18"]
[Site "OMICRON Electronics"]
[Date "2017.12.03"]
[Round "5"]
[Board "5"]
[White "Lins, Philipp"]
[Black "Kezic, Andreas"]
[Result "1/2-1/2"]
[WhiteElo "2135"]
[BlackElo "1906"]
[PlyCount "88"]
[EventDate "2017.10.13"]
[EventType "team"]
[EventRounds "11"]
[EventCountry "AUT"]
[WhiteTeam "Pradl"]
[BlackTeam "Hohenems II"]

1. Nf3 d5 2. c4 d4 3. d3 c5 4. g3 Nc6 5. Bg2 Nf6 6. Na3 e5 7. O-O Bd6 8. Nc2
O-O 9. Rb1 Qc7 10. a3 a5 11. b3 Bf5 12. e4 Bg4 13. h3 Bd7 14. Nh4 Qc8 15. Kh2
Ne8 16. g4 g6 17. Bh6 Ng7 18. Qd2 f6 19. Rg1 Rf7 20. Bf3 Ne6 21. Ne1 Bf8 22.
Bxf8 Qxf8 23. Nc2 Nf4 24. Ng2 Nxg2 25. Rxg2 Nd8 26. b4 axb4 27. axb4 b6 28.
bxc5 bxc5 29. Rgg1 Ne6 30. h4 Nf4 31. Kg3 Qh6 32. Qd1 Ra2 33. Rb8+ Rf8 34. Qb1
Rxb8 35. Qxb8+ Qf8 36. Qb3 Ra8 37. Ra1 Rxa1 38. Nxa1 Qa8 39. Nc2 Ba4 40. Qb1
Bxc2 41. Qxc2 Qa1 42. Bd1 Qc3 43. Qa4 Qxd3+ 44. f3 Qd2  1/2-1/2

[Event "2. Bundesliga West 2017/18"]
[Site "OMICRON Electronics"]
[Date "2017.12.03"]
[Round "5"]
[Board "6"]
[White "Karner, Sylvia"]
[Black "Sucher, Johannes"]
[Result "0-1"]
[WhiteElo "1793"]
[BlackElo "2068"]
[PlyCount "70"]
[EventDate "2017.10.13"]
[EventType "team"]
[EventRounds "11"]
[EventCountry "AUT"]
[WhiteTeam "Hohenems II"]
[BlackTeam "Pradl"]

1. d4 d5 2. c4 dxc4 3. Nf3 a6 4. g3 b5 5. a4 Bb7 6. Bg2 e6 7. O-O Nf6 8. b3
cxb3 9. Qxb3 Qd5 10. Qd3 Qh5 11. Ne5 Bxg2 12. Kxg2 b4 13. a5 Bd6 14. Bb2 Nbd7
15. f4 Qf5 16. Qf3 Qe4 17. Nd2 Qxf3+ 18. Rxf3 O-O 19. Nc6 Nb8 20. Rc1 Nxc6 21.
Rxc6 Rfc8 22. e4 Nd7 23. Nb3 Nb8 24. Rc4 Ra7 25. Nc5 Bxc5 26. Rxc5 Rb7 27. Rb3
c6 28. Rc4 c5 29. dxc5 Nc6 30. Ba3 Rcb8 31. Bb2 Nxa5 32. c6 Nxc4 33. cxb7 Rxb7
34. Ba1 Kf8 35. Kf2 a5  0-1

[Event "2. Bundesliga West 2017/18"]
[Site "OMICRON Electronics"]
[Date "2017.12.03"]
[Round "5"]
[Board "1"]
[White "Kessler, Luca"]
[Black "Krivoborodov, Egor"]
[Result "1/2-1/2"]
[WhiteElo "2431"]
[BlackElo "2542"]
[PlyCount "80"]
[EventDate "2017.10.13"]
[EventType "team"]
[EventRounds "11"]
[EventCountry "AUT"]
[WhiteTeam "Goetzis 2"]
[BlackTeam "ASK Salzburg"]

1. e4 c5 2. Nc3 a6 3. g3 b5 4. Bg2 Bb7 5. d3 d6 6. Nge2 Nf6 7. O-O e6 8. f4 Qc7
9. h3 Be7 10. g4 b4 11. Nb1 Nc6 12. Ng3 Nd7 13. Be3 Nb6 14. Nd2 d5 15. Qe1 Nd4
16. Rc1 dxe4 17. Ndxe4 O-O 18. c3 bxc3 19. bxc3 Nb5 20. Qf2 Rac8 21. c4 Nd4 22.
Nxc5 Bxc5 23. Bxd4 Bxd4 24. Qxd4 Rfd8 25. Qe3 Bxg2 26. Kxg2 Na4 27. f5 Qc5 28.
Rf3 Qxe3 29. Rxe3 Nb2 30. fxe6 fxe6 31. Rxe6 Nxd3 32. Rf1 Rxc4 33. Nh5 g6 34.
Nf6+ Kf7 35. Rxa6 Nf4+ 36. Kg3 Rd3+ 37. Rf3 Rxf3+ 38. Kxf3 Nxh3 39. Ne4 Rd4 40.
g5 Rd5  1/2-1/2